| 000 | 00477nam a2200157 4500 | ||
|---|---|---|---|
| 001 | 131364 | ||
| 003 | ES-MaACL | ||
| 005 | 20230906193951.0 | ||
| 007 | t| | ||
| 008 | 070214s1929 sp r ||||1| spa d | ||
| 100 | 1 |
_aRobles Vega, Agustín. _997955 |
|
| 245 | 1 | 0 |
_aMemorias de un defensor _b: error proclamado [y no reparado] / _cAgustín Robles Vega. |
| 260 |
_aMadrid : _b[s. n.], _c1929 ( _fImp. Jesús López) |
||
| 300 |
_a221 p. ; _c20 cm. |
||
| 852 |
_aES-MaACL _jB-12286 |
||
| 999 |
_c131364 _d131364 |
||